000 00434nam a2200133Ia 4500
008 191014s9999 xx 000 0 und d
020 _a978-981-4374-53-8
082 _a530.11
_bDAM
100 _aThibault Damous, Robert T Jantzen
_923959
245 0 _aProceedings of the Thirteenth Marcel Grossmann Meeting on General Relativity (Part B)
260 _aNew Jersey
_bWorld Scientific Company
_c2012
300 _aLx,1579
942 _cBK
999 _c531108
_d531108